|
|
|
|
| LEADER |
01004nab a2200277 i 4500 |
| 001 |
publ11827 |
| 005 |
20191202142034.0 |
| 008 |
170728s2016 hu o 0|| zxx d |
| 022 |
|
|
|a 1424-3903
|
| 024 |
7 |
|
|a 10.1016/j.pan.2015.12.005
|2 doi
|
| 024 |
7 |
|
|a 2992653
|2 mtmt
|
| 040 |
|
|
|a SZTE Publicatio Repozitórium
|b hun
|
| 041 |
|
|
|a zxx
|
| 100 |
1 |
|
|a Illés Dóra
|
| 245 |
1 |
0 |
|a New-onset type 2 diabetes mellitus – A high-risk group suitable for the screening of pancreatic cancer?
|h [elektronikus dokumentum] /
|c Illés Dóra
|
| 260 |
|
|
|c 2016
|
| 300 |
|
|
|a 266-271
|
| 490 |
0 |
|
|a PANCREATOLOGY
|v 16 No. 2
|
| 700 |
0 |
1 |
|a Terzin Viktória
|e aut
|
| 700 |
0 |
1 |
|a Holzinger Gábor
|e aut
|
| 700 |
0 |
1 |
|a Kosár Klára
|e aut
|
| 700 |
0 |
1 |
|a Róka Richárd László
|e aut
|
| 700 |
0 |
1 |
|a Zsóri Gábor
|e aut
|
| 700 |
0 |
1 |
|a Ábrahám György
|e aut
|
| 700 |
0 |
1 |
|a Czakó László
|e aut
|
| 856 |
4 |
0 |
|u http://publicatio.bibl.u-szeged.hu/11827/1/2992653_Illes_Benefits_of_screening_for_pancreatic_cancer_revised_u.pdf
|z Dokumentum-elérés
|